| 000 | 00689nam a22002293a 4500 | ||
|---|---|---|---|
| 005 | 20240925064935.0 | ||
| 008 | 010802m19961998es r 000 0 spa d | ||
| 020 | _a8428813566 | ||
| 035 | _aUPN01000110468 | ||
| 049 | _aCG | ||
| 050 | 4 |
_aLB1065 _bA4.5 |
|
| 100 | 1 |
_aAlonso Tapia, Jesús _930694 |
|
| 245 | 1 | 3 |
_aLa motivación en el aula / _cJesús Alonso Tapia, Enrique Caturla Fita. |
| 260 |
_aMadrid : _bPPC, _c1996 (1998 impr.). |
||
| 300 | _a136 p. | ||
| 440 | 0 | _aEducar | |
| 650 | 2 |
_aMotivación para el aprendizaje _94875 |
|
| 650 | 4 |
_aPsicología educativa _95197 |
|
| 650 | 4 |
_aPsicología del aprendizaje _95221 |
|
| 700 | 1 |
_aCaturla Fita, Enrique, _ecoaut. |
|
| 905 | _aLibro | ||
| 999 |
_c84377 _d84377 |
||